| 000 | 00410nam a22001457a 4500 | ||
|---|---|---|---|
| 008 | 140131b xxu||||| |||| 00| 0 eng d | ||
| 020 | _a0333307402 | ||
| 050 | _aLB885.J77 | ||
| 100 |
_aJones, Ken _97624 |
||
| 245 |
_aBeyond progress education / _cKen Jones |
||
| 260 |
_aLondon _bMacmillan Press _c1983 |
||
| 300 |
_axi, 178p. _c22cm. |
||
| 650 |
_aEducation _xPhilosophy _97625 |
||
| 942 |
_2lcc _cMONOGRAPH _01 |
||
| 999 |
_c119856 _d119856 |
||